Economics Today: (Record no. 7098)

000 -LEADER
fixed length control field 00511nam a22001577a 4500
008 - FIXED-LENGTH DATA ELEMENTS--GENERAL INFORMATION
fixed length control field 151002b xxu||||| |||| 00| 0 eng d
020 ## - INTERNATIONAL STANDARD BOOK NUMBER
International Standard Book Number 0321150597
050 ## - LIBRARY OF CONGRESS CALL NUMBER
Classification number HB 171.5 .M55 2004
100 ## - MAIN ENTRY--PERSONAL NAME
Personal name Miller, Roger LeRoy
Dates associated with a name 2004.
245 ## - TITLE STATEMENT
Title Economics Today:
Remainder of title The Micro View/
Statement of responsibility, etc. Roger LeRoy Miller.-
250 ## - EDITION STATEMENT
Edition statement 12th ed.:
260 ## - PUBLICATION, DISTRIBUTION, ETC. (IMPRINT)
Place of publication, distribution, etc. Boston;
Name of publisher, distributor, etc. Pearson, Addison-Wesley,
Date of publication, distribution, etc. 2004.
300 ## - PHYSICAL DESCRIPTION
Extent xxx, 817p[48]:ill.
Other physical details includes index,
760 ## - MAIN SERIES ENTRY
Edition 12th ed.
942 ## - ADDED ENTRY ELEMENTS (KOHA)
Source of classification or shelving scheme
Koha item type Hard Covered Materials
Classification part HB 171.5 .M55 2004
Holdings
Withdrawn status Lost status Source of classification or shelving scheme Damaged status Not for loan Home library Current library Shelving location Date acquired Source of acquisition Total Checkouts Full call number Barcode Date last seen Price effective from Koha item type
          MACHAKOS UNIVERSITY LIBRARY MACHAKOS UNIVERSITY LIBRARY Technical section 02/10/2015 DONATION (BFA)   HB 171.5 .M55 2004 13116 03/06/2019 02/10/2015 Hard Covered Materials
© Machakos University Library, Along The Highway, Machakos Wote Rd, Machakos, Kenya P.O. Box 136 - 90100 Machakos - Kenya

Tel: ( +254 ) 723 805829 OR Fax : 044-20353 OR Email: library@mksu.ac.ke